| 000 | 00557nam a2200217Ia 4500 | ||
|---|---|---|---|
| 003 | OSt | ||
| 005 | 20230920121508.0 | ||
| 008 | 210324s9999||||xx |||||||||||||| ||und|| | ||
| 040 | _cSTCPL | ||
| 041 | _aENG | ||
| 082 |
_a599 _bJOS-M |
||
| 245 | 0 |
_aMethods in mammalian embryology / _cedited by Joseph C. Danniel |
|
| 260 |
_aSan francisco : _bW H Freeman And Company , _c1971 . |
||
| 300 |
_a532 p. _bHB |
||
| 650 | _aEgg storage | ||
| 650 | _aEgg transfer | ||
| 650 | _aEmbryos | ||
| 700 | _aDanniel, Joseph C. (ed.) | ||
| 942 | _cBK | ||
| 942 | _2ddc | ||
| 999 |
_c21596 _d21596 |
||